Central Library OPAC University of Rajshahi

Concepts of Electricity and Magnetism / (Record no. 49205)

MARC details
000 -LEADER
fixed length control field 00788nam a2200277 a 4500
001 - CONTROL NUMBER
control field 49205
003 - CONTROL NUMBER IDENTIFIER
rucl marc code BD-RjUL
005 - DATE AND TIME OF LATEST TRANSACTION
control field 20211209054641.0
008 - FIXED-LENGTH DATA ELEMENTS--GENERAL INFORMATION
fixed length control field 160818s1975 bg a 001 0 eng d
035 ## - SYSTEM CONTROL NUMBER
System control number (BD-RjUL)49324
040 ## - CATALOGING SOURCE
Original cataloging agency DLC
Transcribing agency DLC
Modifying agency BD-RjUL
Language of cataloging eng
041 ## - LANGUAGE CODE
Language code of text/sound track or separate title eng
082 ## - DEWEY DECIMAL CLASSIFICATION NUMBER
Edition number 23
Classification number 537
Author mark and year RAC 1975
099 ## - LOCAL FREE-TEXT CALL NUMBER (OCLC)
Bangla Class number ML1092.S439
100 10 - MAIN ENTRY--PERSONAL NAME
Personal name Rafiqullah A.K.
9 (RLIN) 119044
245 10 - TITLE STATEMENT
Title Concepts of Electricity and Magnetism /
Statement of responsibility, etc. by A.K. Rafiqullah, A.K. Roy and M.S. Huq
250 ## - EDITION STATEMENT
Edition statement 2nd ed.
260 ## - PUBLICATION, DISTRIBUTION, ETC. (IMPRINT)
Place of publication, distribution, etc. Dacca :
Name of publisher, distributor, etc. Students' Publications,
Date of publication, distribution, etc. 1975
300 ## - PHYSICAL DESCRIPTION
Pagination v, 478 p. :
Illustrations ill. ;
Size 23 cm.
500 ## - GENERAL NOTE
General note Includes index.
650 #0 - SUBJECT ADDED ENTRY--TOPICAL TERM
Topical term or geographic name as entry element Electricity.
9 (RLIN) 91266
Topical term or geographic name as entry element Magnetism
9 (RLIN) 117032
700 ## - ADDED ENTRY--PERSONAL NAME
Personal name Huq, M.S.
Personal name Roy, A.K.
942 ## - ADDED ENTRY ELEMENTS (KOHA)
Source of classification or shelving scheme Dewey Decimal Classification
Koha item type Books
Holdings
Lost status Source of classification or shelving scheme Damaged status Not for loan Collection code Permanent Location Current Location Shelving location Date acquired Source of acquisition Cost, normal purchase price Total Checkouts Total Renewals Full call number Date last seen Date checked out Copy number Koha item type
  Dewey Decimal Classification     Non-fiction Central Library, University of Rajshahi Central Library, University of Rajshahi   30/06/1981 Lucky Syndicate, Dhaka 10.00 4 1 537 RAC 1975 14/10/2019 25/09/2019 C-2 Books